[Event "Moscow op-A 16th"]
[Site "Moscow"]
[Date "2020.01.30"]
[Round "6"]
[White "Andryushchenko, Alexandr"]
[Black "Daurbekov, Murad"]
[Result "0-1"]
[WhiteElo "1839"]
[BlackElo "2063"]
[PlyCount "72"]
[EventDate "2020.01.25"]
[EventType "swiss"]
[EventRounds "9"]
[EventCountry "RUS"]
[SourceTitle "CBM 194 Extra"]
[Source "ChessBase"]
[SourceDate "2020.03.31"]
[SourceVersion "1"]
[SourceVersionDate "2020.03.31"]
[SourceQuality "1"]

1. e4 c5 2. a3 g6 3. b4 Bg7 4. Nc3 d6 5. Nf3 Nf6 6. Rb1 0-0 7. Bb2 Nc6 8. b5 Nd4 9. h3 d5 10. exd5 Nxd5 11. Nxd5 Qxd5 12. Bxd4 cxd4 13. Be2 e5 14. d3 f5 15. 0-0 e4 16. dxe4 fxe4 17. Rb4 d3 18. Nh2 Rd8 19. cxd3 exd3 20. Bf3 Qg5 21. Qb3+ Kh8 22. h4 Qe7 23. h5 Be6 24. Qa4 gxh5 25. Bxh5 d2 26. Rd1 Rac8 27. Qxa7 Bf5 28. Nf3 Rc1 29. Nxd2 Rxd1+ 30. Bxd1 Qe1+ 31. Nf1 Qxd1 32. Qb6 Rg8 33. f3 Bd3 34. Qf2 Bxf1 35. Qxf1 Bd4+ 36. Rxd4 Qxd4+ 0-1

[Event "Moscow op-A 16th"]
[Site "Moscow"]
[Date "2020.01.27"]
[Round "3"]
[White "Andryushchenko, Alexandr"]
[Black "Vysotskiy, Oleg"]
[Result "0-1"]
[WhiteElo "1839"]
[BlackElo "2091"]
[PlyCount "88"]
[EventDate "2020.01.25"]
[EventType "swiss"]
[EventRounds "9"]
[EventCountry "RUS"]
[SourceTitle "CBM 194 Extra"]
[Source "ChessBase"]
[SourceDate "2020.03.31"]
[SourceVersion "1"]
[SourceVersionDate "2020.03.31"]
[SourceQuality "1"]

1. e4 e6 2. d4 d5 3. Bd3 Nf6 4. e5 Nfd7 5. c3 c5 6. Ne2 Nc6 7. a3 a5 8. Be3 Qb6 9. Qc1 a4 10. Nd2 Be7 11. 0-0 f6 12. Qb1 cxd4 13. cxd4 f5 14. g4 g6 15. gxf5 gxf5 16. f4 Nf8 17. b4 axb3 18. Qxb3 Qxb3 19. Nxb3 Rxa3 20. Rxa3 Bxa3 21. Ra1 Be7 22. Ra8 Kd7 23. Bb5 Ng6 24. Nc3 Kc7 25. Bd3 b6 26. Nb5+ Kb7 27. Ra1 Bd7 28. Be2 Ra8 29. Rc1 Ra2 30. Kf1 Rb2 31. Rc3 Bb4 32. Rd3 Ncxe5 33. dxe5 Bxb5 34. Bc1 Bxd3 35. Bxb2 Bxe2+ 36. Kxe2 Nxf4+ 37. Ke3 Ng6 38. Kf3 Kc6 39. Nd4+ Kd7 40. Nb5 Bc5 41. Ke2 Bg1 42. h3 Bh2 43. Bd4 Kc6 44. Na3 Bxe5 0-1

[Event "Moscow op-A 16th"]
[Site "Moscow"]
[Date "2020.01.26"]
[Round "2"]
[White "Talibov, Shiroghlan"]
[Black "Andryushchenko, Alexandr"]
[Result "1-0"]
[WhiteElo "2148"]
[BlackElo "1839"]
[PlyCount "73"]
[EventDate "2020.01.25"]
[EventType "swiss"]
[EventRounds "9"]
[EventCountry "RUS"]
[SourceTitle "CBM 194 Extra"]
[Source "ChessBase"]
[SourceDate "2020.03.31"]
[SourceVersion "1"]
[SourceVersionDate "2020.03.31"]
[SourceQuality "1"]

1. d4 d6 2. e4 c6 3. Nc3 h6 4. f4 Nd7 5. e5 Nb6 6. Nf3 Bg4 7. h3 Bxf3 8. Qxf3 e6 9. Be3 Ne7 10. Bd3 Ned5 11. Nxd5 Nxd5 12. Bd2 dxe5 13. dxe5 Qb6 14. c4 Nb4 15. Be4 0-0-0 16. a3 Na6 17. Bc3 Bc5 18. Bc2 Bd4 19. 0-0-0 Bxc3 20. Qxc3 Rxd1+ 21. Rxd1 Rd8 22. Rxd8+ Kxd8 23. Qd2+ Ke8 24. b4 Qg1+ 25. Kb2 Qf1 26. Kb3 Qg1 27. f5 Qh2 28. fxe6 Qg3+ 29. Kb2 fxe6 30. Qd6 Qxg2 31. Qxe6+ Kd8 32. Qd6+ Kc8 33. Kb1 Qf1+ 34. Kb2 Nc7 35. Qe7 b6 36. Qxg7 Qe1 37. Qxh6 1-0